| 000 -LEADER |
| fixed length control field |
02958cas a2200637 i 4500 |
| 001 - CONTROL NUMBER |
| control field |
12655116 |
| 003 - CONTROL NUMBER IDENTIFIER |
| control field |
NUST |
| 005 - DATE AND TIME OF LATEST TRANSACTION |
| control field |
20191105152719.0 |
| 008 - FIXED-LENGTH DATA ELEMENTS--GENERAL INFORMATION |
| fixed length control field |
780329c19559999pauar 0 a0eng c |
| 010 ## - LIBRARY OF CONGRESS CONTROL NUMBER |
| LC control number |
2002207006 |
| Canceled/invalid LC control number |
55014722 |
| -- |
58003709 |
| -- |
63005674 |
| -- |
66009160 |
| -- |
68001112 |
| -- |
70031256 |
| -- |
73159692 |
| -- |
73179195 |
| -- |
75330781 |
| -- |
76380738 |
| -- |
77007503 |
| -- |
78101741 |
| -- |
78111654 |
| -- |
79019027 |
| -- |
80112368 |
| -- |
83138899 |
| -- |
83152841 |
| -- |
84220633 |
| -- |
84236194 |
| 022 0# - INTERNATIONAL STANDARD SERIAL NUMBER |
| International Standard Serial Number |
1540-0247 |
| ISSN-L |
1540-0247 |
| Incorrect ISSN |
0192-2998 |
| Source |
1 |
| 035 ## - SYSTEM CONTROL NUMBER |
| System control number |
(OCoLC)ocm03759015 |
| 037 ## - SOURCE OF ACQUISITION |
| Source of stock number/acquisition |
ASTM, 100 Barr Harbor Drive, P.O. Box C700, West Conshohocken, PA 19428 |
| 038 ## - RECORD CONTENT LICENSOR |
| Staff Name |
MSOHAIL |
| 040 ## - CATALOGING SOURCE |
| Original cataloging agency |
FUG |
| Language of cataloging |
eng |
| Transcribing agency |
FUG |
| Modifying agency |
OCL |
| -- |
DLC |
| -- |
NSD |
| -- |
DLC |
| -- |
OCLCQ |
| -- |
WAU |
| -- |
OCLCF |
| -- |
OCLCO |
| -- |
OCLCQ |
| 042 ## - AUTHENTICATION CODE |
| Authentication code |
pcc |
| -- |
nsdp |
| 043 ## - GEOGRAPHIC AREA CODE |
| Geographic area code |
n-us--- |
| 050 00 - LIBRARY OF CONGRESS CALL NUMBER |
| Classification number |
TA404.5 |
| Item number |
.A885 |
| 082 10 - DEWEY DECIMAL CLASSIFICATION NUMBER |
| Classification number |
691 |
| Edition number |
13 |
| 210 1# - ABBREVIATED TITLE |
| Abbreviated title |
ASTM stand. build. codes |
| 222 #0 - KEY TITLE |
| Key title |
ASTM standards in building codes |
| 245 00 - TITLE STATEMENT |
| Title |
ASTM standards in building codes. |
| 246 30 - VARYING FORM OF TITLE |
| Title proper/short title |
Standards in building codes |
| 246 30 - VARYING FORM OF TITLE |
| Title proper/short title |
Building codes |
| 250 ## - EDITION STATEMENT |
| Edition statement |
47th edi |
| 260 ## - PUBLICATION, DISTRIBUTION, ETC. |
| Place of publication, distribution, etc. |
Philadelphia, Pa. : |
| Name of publisher, distributor, etc. |
American Society for Testing Materials, |
| Date of publication, distribution, etc. |
1955- |
| 300 ## - PHYSICAL DESCRIPTION |
| Extent |
P;2441 : |
| Other physical details |
illustrations ; |
| Dimensions |
24-28 cm |
| 310 ## - CURRENT PUBLICATION FREQUENCY |
| Current publication frequency |
Annual, |
| Date of current publication frequency |
<1969-> |
| 321 ## - FORMER PUBLICATION FREQUENCY |
| Former publication frequency |
Irregular, |
| Dates of former publication frequency |
1955-<1966> |
| 336 ## - CONTENT TYPE |
| Content type term |
text |
| Content type code |
txt |
| Source |
rdacontent |
| 337 ## - MEDIA TYPE |
| Media type term |
unmediated |
| Media type code |
n |
| Source |
rdamedia |
| 338 ## - CARRIER TYPE |
| Carrier type term |
volume |
| Carrier type code |
nc |
| Source |
rdacarrier |
| 362 0# - DATES OF PUBLICATION AND/OR SEQUENTIAL DESIGNATION |
| Dates of publication and/or sequential designation |
[1st] (1955)- |
| 500 ## - GENERAL NOTE |
| General note |
Subtitle varies slightly. |
| 515 ## - NUMBERING PECULIARITIES NOTE |
| Numbering peculiarities note |
Volumes for 1955-1958 unnumbered but constitutes 1st-2d ed.; 1963-1966 called 2d-4th eds. |
| 515 ## - NUMBERING PECULIARITIES NOTE |
| Numbering peculiarities note |
Volumes for 1975- published in 2 or 4 vols. |
| 525 ## - SUPPLEMENT NOTE |
| Supplement note |
1955-<1958> kept up to date by supplements. |
| 530 ## - ADDITIONAL PHYSICAL FORM AVAILABLE NOTE |
| Additional physical form available note |
Also issued online. |
| 550 ## - ISSUING BODY NOTE |
| Issuing body note |
Volumes for 1955-1958 published by: American Society for Testing Materials; <1963-> by American Society for Testing and Materials. |
| 588 ## - SOURCE OF DESCRIPTION NOTE |
| Source of description note |
Latest issue consulted: 38th ed. (2001). |
| 650 #0 - SUBJECT ADDED ENTRY--TOPICAL TERM |
| Topical term or geographic name entry element |
Building materials |
| General subdivision |
Standards |
| Geographic subdivision |
United States. |
| 9 (RLIN) |
25224 |
| 650 #0 - SUBJECT ADDED ENTRY--TOPICAL TERM |
| Topical term or geographic name entry element |
Building materials |
| General subdivision |
Testing |
| -- |
Standards |
| Geographic subdivision |
United States. |
| 9 (RLIN) |
25225 |
| 650 #0 - SUBJECT ADDED ENTRY--TOPICAL TERM |
| Topical term or geographic name entry element |
Buildings |
| Form subdivision |
Specifications |
| Geographic subdivision |
United States. |
| 9 (RLIN) |
25226 |
| 650 #7 - SUBJECT ADDED ENTRY--TOPICAL TERM |
| Topical term or geographic name entry element |
Building materials |
| General subdivision |
Standards. |
| Source of heading or term |
fast |
| Authority record control number or standard number |
(OCoLC)fst00840759 |
| 9 (RLIN) |
25227 |
| 650 #7 - SUBJECT ADDED ENTRY--TOPICAL TERM |
| Topical term or geographic name entry element |
Building materials |
| General subdivision |
Testing |
| -- |
Standards. |
| Source of heading or term |
fast |
| Authority record control number or standard number |
(OCoLC)fst00840764 |
| 9 (RLIN) |
25228 |
| 650 #7 - SUBJECT ADDED ENTRY--TOPICAL TERM |
| Topical term or geographic name entry element |
Buildings. |
| Source of heading or term |
fast |
| Authority record control number or standard number |
(OCoLC)fst00840962 |
| 9 (RLIN) |
25221 |
| 651 #7 - SUBJECT ADDED ENTRY--GEOGRAPHIC NAME |
| Geographic name |
United States. |
| Source of heading or term |
fast |
| Authority record control number or standard number |
(OCoLC)fst01204155 |
| 9 (RLIN) |
7952 |
| 655 #7 - INDEX TERM--GENRE/FORM |
| Genre/form data or focus term |
Specifications. |
| Source of term |
fast |
| Authority record control number |
(OCoLC)fst01423860 |
| 9 (RLIN) |
25222 |
| 710 2# - ADDED ENTRY--CORPORATE NAME |
| Corporate name or jurisdiction name as entry element |
American Society for Testing Materials. |
| 9 (RLIN) |
25223 |
| 710 2# - ADDED ENTRY--CORPORATE NAME |
| Corporate name or jurisdiction name as entry element |
American Society for Testing and Materials. |
| 9 (RLIN) |
6033 |
| 776 08 - ADDITIONAL PHYSICAL FORM ENTRY |
| Relationship information |
Online version: |
| Title |
ASTM standards in building codes |
| Record control number |
(OCoLC)565236028 |
| 906 ## - LOCAL DATA ELEMENT F, LDF (RLIN) |
| a |
7 |
| b |
cbc |
| c |
serials |
| d |
2 |
| e |
ncip |
| f |
20 |
| g |
n-oclcserc |
| 942 ## - ADDED ENTRY ELEMENTS (KOHA) |
| Source of classification or shelving scheme |
|
| Koha item type |
Book |